Marshmallow Test: Understanding self-control and how to master It (Record no. 1308868)

MARC details
000 -LEADER
fixed length control field 01282nam a2200217 4500
005 - DATE AND TIME OF LATEST TRANSACTION
control field 20250411150344.0
008 - FIXED-LENGTH DATA ELEMENTS--GENERAL INFORMATION
fixed length control field 250411b |||||||| |||| 00| 0 eng d
020 ## - INTERNATIONAL STANDARD BOOK NUMBER
International Standard Book Number 9780552168861
037 ## - SOURCE OF ACQUISITION
Terms of availability Textual
040 ## - CATALOGING SOURCE
Original cataloging agency RTL
Transcribing agency RTL
084 ## - COLON CLASSIFICATION NUMBER
Classification number Y:393 Q4
Assigning agency RTL
100 ## - MAIN ENTRY--PERSONAL NAME
Personal name Mischel, Walter
9 (RLIN) 84196
245 ## - TITLE STATEMENT
Title Marshmallow Test: Understanding self-control and how to master It
260 ## - PUBLICATION, DISTRIBUTION, ETC.
Place of publication, distribution, etc. London
Name of publisher, distributor, etc. Transworld publishers
Date of publication, distribution, etc. 2014
300 ## - PHYSICAL DESCRIPTION
Extent viii, 326 p. : ill.
Other physical details Includes bibliographical references and index
520 ## - SUMMARY, ETC.
Summary, etc. The Marshmallow Test A child is presented with a marshmallow and given a choice: Eat this one now, or wait and enjoy two later. What will she do? And what are the implications for her behaviour later in life? Walter Mischels now iconic marshmallow test, one of the most famous experiments in the history of psychology, proved that the ability to delay gratification is critical to living a successful and fulfilling life: self-control not only predicts higher marks in school, better social and cognitive functioning, and a greater sense of self-worth; it also helps us manage stress, pursue goals more effectively.
650 ## - SUBJECT ADDED ENTRY--TOPICAL TERM
Topical term or geographic name entry element Self control
9 (RLIN) 752165
650 ## - SUBJECT ADDED ENTRY--TOPICAL TERM
Topical term or geographic name entry element Will power
9 (RLIN) 752166
650 ## - SUBJECT ADDED ENTRY--TOPICAL TERM
Topical term or geographic name entry element Psychology
942 ## - ADDED ENTRY ELEMENTS (KOHA)
Source of classification or shelving scheme Colon Classification (CC)
Suppress in OPAC No
Koha item type Textbook
Classification part Y:393 Q4
Holdings
Withdrawn status Lost status Source of classification or shelving scheme Damaged status Not for loan Home library Current library Date acquired Total Checkouts Full call number Barcode Date last seen Price effective from Koha item type
    Colon Classification (CC)     Ratan Tata Library Ratan Tata Library 2025-04-11   Y:393 Q4 RT1585177 2025-04-11 2025-04-11 Textbook
Copyright @ Delhi University Library System